000
00304nam a22001217a 4500
008
090218t xxu||||| |||| 00| 0 eng d
020
_a
8186830685
082
_a
004.03
_b
COM
245
_a
Computer dictionary
260
_a
New Delhi:
_b
Pentagon Press,
_c
2004
300
_a
240p.;
_c
16 cm.
942
_2
ddc
_c
BB
999
_c
10880
_d
10880